| Record ID | ia:harveysteimansca00stei |
| Source | Internet Archive |
| Download MARC XML | https://archive.org/download/harveysteimansca00stei/harveysteimansca00stei_marc.xml |
| Download MARC binary | https://www.archive.org/download/harveysteimansca00stei/harveysteimansca00stei_meta.mrc |
LEADER: 00807cam a2200253 a 4500
001 90001829
003 DLC
005 20120119075446.0
008 900406s1990 cau 001 0 eng
010 $a 90001829
020 $a0877016895 (alk. paper) :$c$12.95
040 $aDLC$cDLC$dDLC
043 $an-us-ca
050 00 $aTX715.2.C34$bS74 1990
082 00 $a641.59794$220
100 1 $aSteiman, Harvey.
240 10 $aCalifornia kitchen
245 10 $aHarvey Steiman's California kitchen :$bthe KCBS Kitchen cookbook /$cHarvey Steiman ; foreward by Jeff Smith.
260 $aSan Francisco :$bChronicle Books,$cc1990.
300 $a304 p. ;$c21 x 23 cm.
650 0 $aCooking, American$xCalifornia style.
630 00 $aKCBS Kitchen (Radio program)
655 7 $aCookbooks.$2lcgft
740 0 $aCalifornia kitchen.